[Event "76 Ukrainian Chess Championship (Final)"]
[Site "Kharkiv"]
[Date "2007.11.20"]
[Round "4"]
[White "Kryvoruchko, Yuriy"]
[Black "Onischuk, Vladimir"]
[Result "1-0"]
[WhiteElo "2598"]
[BlackElo "2469"]
[PlyCount "127"]
[EventDate "2007.11.17"]

1. e4 g6 2. d4 Bg7 3. Nc3 c6 4. h3 d5 5. Nf3 dxe4 6. Nxe4 Nd7 7. Bc4 Ngf6 8.
Nxf6+ Nxf6 9. O-O O-O 10. Re1 Bf5 11. Bf4 Be4 12. Be5 Bd5 13. Bf1 Ne8 14. c3
Nd6 15. Bxg7 Kxg7 16. Ne5 f6 17. Nd3 Re8 18. g3 Bf7 19. h4 Qd7 20. Nc5 Qf5 21.
Bd3 Qh3 22. Be2 h5 23. Bf1 Qf5 24. Qd3 Qxd3 25. Bxd3 e5 26. dxe5 fxe5 27. Rad1
Rad8 28. Bf1 Bd5 29. Bg2 Bxg2 30. Kxg2 b6 31. Nd3 Nf5 32. Nb4 Rxd1 33. Rxd1 c5
34. Nc2 Re7 35. Kf3 Kf6 36. Rd8 Ke6 37. Ne3 Nxe3 38. Kxe3 Rf7 39. b3 Ke7 40.
Rc8 Ke6 41. Rc6+ Kf5 42. Rd6 Re7 43. f3 Rg7 44. Rd8 Re7 45. Rf8+ Ke6 46. Ke4
Rd7 47. Rc8 Rd2 48. Rc6+ Kf7 49. Kxe5 Re2+ 50. Kf4 Rxa2 51. Kg5 Rg2 52. g4 Rg3
53. Rf6+ Ke7 54. Rxg6 hxg4 55. fxg4 Rxc3 56. Rg7+ Kd6 57. h5 Rxb3 58. h6 Rh3
59. h7 Kd5 60. Kf6 Kd6 61. g5 c4 62. g6 c3 63. Rg8 c2 64. Rc8 1-0

[Event "76 Ukrainian Chess Championship (Final)"]
[Site "Kharkiv"]
[Date "2007.11.20"]
[Round "4"]
[White "Zubov, Alexander"]
[Black "Malaniuk, Vladimir P"]
[Result "1-0"]
[WhiteElo "2556"]
[BlackElo "2496"]
[PlyCount "97"]
[EventDate "2007.11.17"]

1. d4 f5 2. g3 Nf6 3. Bg2 g6 4. Nf3 Bg7 5. O-O c6 6. b3 O-O 7. Bb2 d5 8. c4 Ne4
9. Nc3 Be6 10. Qc2 Nd7 11. Rfd1 Kh8 12. Rac1 Nb6 13. Ne5 Rc8 14. e3 Qe8 15. Ne2
g5 16. f3 Nf6 17. h4 h6 18. hxg5 hxg5 19. c5 Nbd7 20. b4 Ng8 21. Kf2 Nh6 22.
Rh1 Kg8 23. Rh2 Nxe5 24. dxe5 Qg6 25. Bd4 Bd7 26. Ke1 e6 27. Kd2 Be8 28. Rch1
Rc7 29. Kc1 a6 30. Bf1 Re7 31. Ng1 Nf7 32. Qc3 g4 33. f4 Nd8 34. Bd3 Rc7 35.
Qa3 Rff7 36. Ne2 Rfe7 37. Nc3 Nf7 38. Kd2 Bf8 39. Rh5 Bg7 40. Nd1 Kf8 41. Nf2
Nh6 42. Rg5 Qf7 43. Qc1 Bd7 44. Rh4 Ke8 45. Nxg4 Nxg4 46. Rhxg4 Bf8 47. Rh4 Kd8
48. Qh1 Be8 49. g4 1-0

[Event "76 Ukrainian Chess Championship (Final)"]
[Site "Kharkiv"]
[Date "2007.11.20"]
[Round "4"]
[White "Drozdovskij, Yuri"]
[Black "Tukhaev, Adam"]
[Result "1/2-1/2"]
[WhiteElo "2567"]
[BlackElo "2517"]
[PlyCount "65"]
[EventDate "2007.11.17"]

1. d4 Nf6 2. c4 g6 3. g3 Bg7 4. Bg2 O-O 5. Nf3 d6 6. O-O Nbd7 7. Nc3 e5 8. e4
c6 9. Be3 Qa5 10. d5 cxd5 11. cxd5 b5 12. a3 Nb6 13. b4 Qa6 14. Qe2 Na4 15. Bd2
Qb6 16. Rfc1 Bd7 17. Nxa4 bxa4 18. Be3 Bb5 19. Qd1 Qb7 20. Nd2 Rfc8 21. Bf1 a6
22. f3 Ne8 23. Nc4 f5 24. Rc2 Bxc4 25. Bxc4 Nc7 26. Rac1 fxe4 27. fxe4 Nb5 28.
Bxb5 Rxc2 29. Rxc2 Qxb5 30. Qg4 Rf8 31. Qe6+ Kh8 32. Rf2 Qd3 33. Rxf8+ 1/2-1/2

[Event "76 Ukrainian Chess Championship (Final)"]
[Site "Kharkiv"]
[Date "2007.11.20"]
[Round "4"]
[White "Kovchan, Alexander"]
[Black "Solodovnichenko, Yuri"]
[Result "1-0"]
[WhiteElo "2507"]
[BlackElo "2564"]
[PlyCount "63"]
[EventDate "2007.11.17"]

1. e4 c5 2. Nf3 d6 3. d4 cxd4 4. Nxd4 Nf6 5. Nc3 a6 6. Be3 e6 7. f3 b5 8. g4 h6
9. Qd2 b4 10. Nce2 Nbd7 11. O-O-O Qc7 12. Qxb4 d5 13. Qa4 Bc5 14. e5 Nh7 15. f4
Rb8 16. c3 O-O 17. Ng3 Nb6 18. Qc2 Bd7 19. Bd3 Ba4 20. b3 Nc4 21. Rde1 Rfc8 22.
Bxc4 dxc4 23. bxa4 Ba3+ 24. Kd1 Rb2 25. Qe4 Rcb8 26. Re2 f5 27. gxf5 Rb1+ 28.
Kd2 R8b2+ 29. Nc2 Qd7+ 30. Bd4 exf5 31. Qa8+ Rb8 32. Qxa6 1-0

[Event "76 Ukrainian Chess Championship (Final)"]
[Site "Kharkiv"]
[Date "2007.11.20"]
[Round "4"]
[White "Tarlev, Konstantin"]
[Black "Romanishin, Oleg M"]
[Result "1/2-1/2"]
[WhiteElo "2490"]
[BlackElo "2547"]
[PlyCount "72"]
[EventDate "2007.11.17"]

1. e4 e5 2. Nf3 Nc6 3. Bb5 a6 4. Ba4 Nf6 5. O-O Be7 6. d3 b5 7. Bb3 d6 8. a4
Bg4 9. c3 Na5 10. Bc2 b4 11. h3 b3 12. Bxb3 Bxf3 13. gxf3 Nxb3 14. Qxb3 Nh5 15.
f4 Nxf4 16. Bxf4 exf4 17. Nd2 Rb8 18. Qc2 O-O 19. d4 d5 20. Rae1 c5 21. Nf3 Qc8
22. Kg2 Rb6 23. exd5 Rg6+ 24. Qxg6 hxg6 25. Rxe7 cxd4 26. Nxd4 Qd8 27. Re5 f3+
28. Nxf3 f6 29. Re4 Qxd5 30. Rfe1 g5 31. Rd4 Qb7 32. b4 Rc8 33. Re3 Rc7 34. a5
Kf7 35. Kg1 Qc8 36. Rdd3 g4 1/2-1/2

[Event "76 Ukrainian Chess Championship (Final)"]
[Site "Kharkiv"]
[Date "2007.11.20"]
[Round "4"]
[White "Oleksienko, Mikhailo"]
[Black "Jakimov, Vladimir"]
[Result "1-0"]
[WhiteElo "2587"]
[BlackElo "2434"]
[PlyCount "73"]
[EventDate "2007.11.17"]

1. e4 e6 2. d4 d5 3. Nd2 Nf6 4. e5 Nfd7 5. Bd3 c5 6. c3 Nc6 7. Ne2 cxd4 8. cxd4
f6 9. exf6 Nxf6 10. O-O Bd6 11. Nf3 Qc7 12. g3 O-O 13. Bf4 e5 14. dxe5 Nxe5 15.
Nxe5 Bxe5 16. Rc1 Qd6 17. Qb3 Bh3 18. Rfe1 Ng4 19. f3 Bxf4 20. Nxf4 Rxf4 21.
gxf4 Nxh2 22. Bxh7+ Kxh7 23. Qc2+ Kg8 24. Qxh2 Qg6+ 25. Kf2 Bf5 26. Re5 Qb6+
27. Ke1 Rf8 28. Qf2 Qh6 29. Qd4 Qh1+ 30. Kd2 Qh2+ 31. Re2 Qh4 32. Rc7 Qh6 33.
Ree7 Qh2+ 34. Kc3 Qc2+ 35. Kb4 a5+ 36. Kxa5 Ra8+ 37. Kb6 1-0

[Event "76 Ukrainian Chess Championship (Final)"]
[Site "Kharkiv"]
[Date "2007.11.20"]
[Round "4"]
[White "Gasanov, Eldar"]
[Black "Rogovski, Vladimir"]
[Result "1-0"]
[WhiteElo "2504"]
[BlackElo "2485"]
[PlyCount "93"]
[EventDate "2007.11.17"]

1. d4 Nf6 2. c4 e6 3. Nc3 Bb4 4. Qc2 O-O 5. a3 Bxc3+ 6. Qxc3 b6 7. Nf3 Bb7 8.
e3 d6 9. Be2 Nbd7 10. O-O Qe7 11. b4 c5 12. Bb2 Rfc8 13. Rfd1 d5 14. dxc5 dxc4
15. Nd2 b5 16. a4 a6 17. Bf3 Bxf3 18. Nxf3 Qf8 19. axb5 axb5 20. Nd4 Rab8 21.
Ra7 Nd5 22. Qe1 N7f6 23. f3 Qe8 24. Rda1 Nd7 25. Qd2 Nc7 26. Nc6 Nd5 27. Nxb8
Nxb8 28. e4 Ne7 29. Qd4 f6 30. Qd6 Nec6 31. Rb7 e5 32. Qd5+ Kh8 33. Rxb5 Nd4
34. Rxb8 Rxb8 35. Bxd4 Rd8 36. Qxc4 exd4 37. c6 Qe5 38. Rd1 h6 39. b5 d3 40.
Rxd3 Rc8 41. Qd5 Qb2 42. h3 Ra8 43. Rd2 Ra1+ 44. Kh2 Qc1 45. Rd1 Qf4+ 46. Kh1
Ra3 47. Qd6 1-0

[Event "76 Ukrainian Chess Championship (Final)"]
[Site "Kharkiv"]
[Date "2007.11.20"]
[Round "4"]
[White "Kononenko, Dmitry"]
[Black "Maximov, Dmitry"]
[Result "1/2-1/2"]
[WhiteElo "2513"]
[BlackElo "2488"]
[PlyCount "52"]
[EventDate "2007.11.17"]

1. e4 c5 2. Nf3 d6 3. d4 cxd4 4. Nxd4 Nf6 5. Nc3 Nc6 6. Be2 e5 7. Nf3 h6 8. O-O
Be7 9. Re1 O-O 10. h3 Be6 11. Bf1 Nb8 12. b3 Nbd7 13. a4 a6 14. a5 Qc7 15. Bb2
Qc6 16. g3 Rfd8 17. Bg2 b5 18. axb6 Nxb6 19. Na4 Nxa4 20. Rxa4 Rdc8 21. c4 Nd7
22. Bc3 Bd8 23. Ra2 a5 24. Rd2 Be7 25. Nh4 Bxh4 26. Rxd6 Qb7 1/2-1/2

[Event "76 Ukrainian Chess Championship (Final)"]
[Site "Kharkiv"]
[Date "2007.11.21"]
[Round "5"]
[White "Tukhaev, Adam"]
[Black "Zubov, Alexander"]
[Result "1-0"]
[WhiteElo "2517"]
[BlackElo "2556"]
[PlyCount "105"]
[EventDate "2007.11.17"]

1. e4 c5 2. Nf3 d6 3. d4 cxd4 4. Nxd4 Nf6 5. Nc3 a6 6. Bg5 e6 7. f4 Qb6 8. Qd2
Qxb2 9. Rb1 Qa3 10. e5 dxe5 11. fxe5 Nfd7 12. Ne4 h6 13. Bh4 Qxa2 14. Rd1 Qd5
15. Qe3 Qxe5 16. Be2 Bc5 17. Bg3 Bxd4 18. Rxd4 Qa5+ 19. Rd2 O-O 20. Bd6 Nc6 21.
Bxf8 Kxf8 22. O-O Qe5 23. Bc4 b5 24. Qf3 f5 25. Ba2 Rb8 26. g4 g6 27. gxf5 gxf5
28. Qg2 Ne7 29. Nd6 Nf6 30. Nxc8 Rxc8 31. Re2 Qd4+ 32. Kh1 Nfd5 33. Rxe6 Nf4
34. c3 Rxc3 35. Qa8+ Rc8 36. Qxa6 Rc6 37. Qa8+ Rc8 38. Qa6 Rc6 39. Qa8+ Rc8 40.
Qb7 Nxe6 41. Bxe6 Re8 42. Bxf5 Kg7 43. Re1 Qf6 44. Qd7 Qf7 45. Qd4+ Qf6 46. Qd7
Qf7 47. Rg1+ Kf8 48. Be4 Qf6 49. Qh3 Ng8 50. Bd5 Ne7 51. Be4 Ng6 52. Bd5 Ne7
53. Qa3 1-0

[Event "76 Ukrainian Chess Championship (Final)"]
[Site "Kharkiv"]
[Date "2007.11.21"]
[Round "5"]
[White "Miroshnichenko, Evgenij"]
[Black "Arzumanian, Georgy"]
[Result "1-0"]
[WhiteElo "2651"]
[BlackElo "2493"]
[PlyCount "127"]
[EventDate "2007.11.17"]

1. d4 d5 2. c4 c6 3. Nf3 e6 4. Qc2 Nf6 5. Nbd2 dxc4 6. Nxc4 c5 7. dxc5 Bxc5 8.
g3 b6 9. Bg2 Bb7 10. O-O O-O 11. Bf4 Nbd7 12. Rad1 Qc8 13. Rc1 Be4 14. Qd2 Qa6
15. b4 Be7 16. Bd6 Rae8 17. Rfd1 Ba8 18. Qb2 b5 19. Bxe7 Rxe7 20. Na5 e5 21.
Nh4 Bxg2 22. Nf5 Re6 23. Kxg2 g6 24. Rc6 Rxc6 25. Ne7+ Kg7 26. Nexc6 Re8 27. f3
Qb6 28. e4 Re6 29. Qc3 h5 30. h4 a6 31. Rd3 Kh7 32. Qc1 Kg7 33. Kf1 Qc7 34. Rc3
Qb6 35. Ke2 Re8 36. Qe3 Qxe3+ 37. Kxe3 Nb6 38. Rd3 Nfd7 39. Rd6 Re6 40. Rxe6
fxe6 41. g4 g5 42. hxg5 h4 43. Nb7 Kg6 44. Nc5 Nc4+ 45. Kf2 Nxc5 46. bxc5 a5
47. Ne7+ Kxg5 48. c6 Nb6 49. c7 a4 50. Nc6 Kf4 51. Nb4 Kg5 52. Kg2 Nc8 53. Kh3
Nb6 54. Nd3 Nc8 55. Nc5 Nb6 56. Nxe6+ Kf6 57. Nc5 Kg5 58. Nd7 Nc8 59. Nxe5 b4
60. Nd3 b3 61. a3 Kf6 62. Nb2 Ke7 63. Nxa4 Kd7 64. Nc5+ 1-0

[Event "76 Ukrainian Chess Championship (Final)"]
[Site "Kharkiv"]
[Date "2007.11.21"]
[Round "5"]
[White "Kuzubov, Yuriy"]
[Black "Vysochin, Spartak"]
[Result "1/2-1/2"]
[WhiteElo "2582"]
[BlackElo "2524"]
[PlyCount "49"]
[EventDate "2007.11.17"]

1. d4 d5 2. c4 c6 3. Nf3 Nf6 4. e3 a6 5. Qc2 Bg4 6. Nbd2 e6 7. Bd3 Nbd7 8. b3
Bh5 9. O-O Be7 10. Bb2 Bg6 11. e4 dxe4 12. Nxe4 Nxe4 13. Bxe4 Bxe4 14. Qxe4 Nf6
15. Qc2 O-O 16. Rad1 Qc7 17. Rfe1 Rad8 18. h3 h6 19. Re3 Nd7 20. Qe2 Rfe8 21.
d5 cxd5 22. cxd5 Nf8 23. Be5 Bd6 24. dxe6 Nxe6 25. Re1 1/2-1/2

[Event "76 Ukrainian Chess Championship (Final)"]
[Site "Kharkiv"]
[Date "2007.11.21"]
[Round "5"]
[White "Onischuk, Vladimir"]
[Black "Drozdovskij, Yuri"]
[Result "0-1"]
[WhiteElo "2469"]
[BlackElo "2567"]
[PlyCount "88"]
[EventDate "2007.11.17"]

1. e4 e5 2. Nf3 Nc6 3. Bb5 a6 4. Ba4 Nf6 5. O-O Be7 6. Re1 b5 7. Bb3 d6 8. c3
O-O 9. h3 Na5 10. Bc2 d5 11. exd5 e4 12. Bxe4 Nxe4 13. Rxe4 Bb7 14. d4 Bxd5 15.
Re1 Qd6 16. b3 Nc6 17. Be3 f5 18. Bg5 Bxf3 19. Bxe7 Qxe7 20. gxf3 Qg5+ 21. Kf1
Qh4 22. Re3 Rae8 23. Nd2 Qxh3+ 24. Ke1 Qh1+ 25. Ke2 Qh2 26. Qg1 Rxe3+ 27. Kxe3
Qh6+ 28. Kd3 b4 29. Nc4 bxc3 30. Qe1 Rd8 31. Kxc3 Qf6 32. Rc1 Nxd4 33. Kb4 c5+
34. Ka3 Nxf3 35. Qa5 h5 36. Qxc5 h4 37. Qe3 Nd4 38. f4 Rc8 39. Qf2 Nb5+ 40. Ka4
Qe7 41. b4 Qe6 42. Qf1 Qc6 43. Ka5 Nd4 44. Nb6 Qxc1 0-1

[Event "76 Ukrainian Chess Championship (Final)"]
[Site "Kharkiv"]
[Date "2007.11.21"]
[Round "5"]
[White "Zinchenko, Yaroslav"]
[Black "Kovchan, Alexander"]
[Result "0-1"]
[WhiteElo "2505"]
[BlackElo "2507"]
[PlyCount "54"]
[EventDate "2007.11.17"]

1. e4 c6 2. d4 d5 3. e5 c5 4. dxc5 Nc6 5. Bb5 e6 6. Qg4 h5 7. Qe2 a6 8. Bd3 Nd4
9. Qd1 Qc7 10. Bf4 g5 11. Bxg5 Qxe5+ 12. Be3 Nc6 13. c3 Qg7 14. g3 e5 15. Qb3
Nf6 16. h3 d4 17. cxd4 exd4 18. Bf4 Bxc5 19. Nf3 O-O 20. Ng5 Re8+ 21. Kf1 Ne5
22. Bxe5 Qxg5 23. Bf4 Qd5 24. Qxd5 Nxd5 25. Bd2 Bd7 26. a3 Bc6 27. Rg1 Ne3+ 0-1

[Event "76 Ukrainian Chess Championship (Final)"]
[Site "Kharkiv"]
[Date "2007.11.21"]
[Round "5"]
[White "Romanishin, Oleg M"]
[Black "Kovalenko, Igor"]
[Result "1/2-1/2"]
[WhiteElo "2547"]
[BlackElo "2429"]
[PlyCount "96"]
[EventDate "2007.11.17"]

1. d4 f5 2. g3 Nf6 3. Bg2 g6 4. Nf3 Bg7 5. O-O O-O 6. b3 Ne4 7. Bb2 d5 8. c4 c6
9. Nc3 Be6 10. Rc1 Nd7 11. e3 h6 12. Qe2 Qb8 13. Nh4 Bf7 14. cxd5 cxd5 15. Ba3
Bf6 16. Nxe4 fxe4 17. f3 exf3 18. Qxf3 a5 19. Nxg6 Bxg6 20. Qxd5+ Kh7 21. Qxd7
Ra7 22. Qb5 b6 23. Rc6 Bg5 24. Re6 Rf6 25. Re5 Rf7 26. Bd5 Rg7 27. Be6 Bf6 28.
Bf5 Bxe5 29. Bxg6+ Rxg6 30. dxe5 Qg8 31. Kg2 Rc7 32. Rf2 Qe6 33. e4 Rd7 34. Bb2
Rg4 35. Qe2 Qg6 36. Rf5 e6 37. Rf6 Qxe4+ 38. Qxe4+ Rxe4 39. Kf3 Re1 40. Rxe6
Rd3+ 41. Kg4 b5 42. Rc6 Re2 43. Bc1 Rxe5 44. Rxh6+ Kg8 45. Ra6 b4 46. Bf4 Rc5
47. h4 Rdd5 48. Ra7 Rc2 1/2-1/2

[Event "76 Ukrainian Chess Championship (Final)"]
[Site "Kharkiv"]
[Date "2007.11.21"]
[Round "5"]
[White "Solodovnichenko, Yuri"]
[Black "Jakimov, Vladimir"]
[Result "0-1"]
[WhiteElo "2564"]
[BlackElo "2434"]
[PlyCount "54"]
[EventDate "2007.11.17"]

1. e4 e6 2. d4 d5 3. Nc3 Nf6 4. e5 Nfd7 5. f4 c5 6. Nf3 Nc6 7. Be3 cxd4 8. Nxd4
Qb6 9. Qd2 Qxb2 10. Rb1 Qa3 11. Bb5 Nxd4 12. Bxd4 Bb4 13. O-O a6 14. Rb3 Qa5
15. Rfb1 Qxb5 16. Rxb4 Qc6 17. f5 exf5 18. Qg5 O-O 19. e6 f6 20. Qxf5 a5 21.
Nxd5 Re8 22. Rb6 Qc4 23. c3 Ne5 24. Nxf6+ gxf6 25. Rxb7 Bxb7 26. Rxb7 Qd3 27.
Qh5 Qg6 0-1

[Event "76 Ukrainian Chess Championship (Final)"]
[Site "Kharkiv"]
[Date "2007.11.21"]
[Round "5"]
[White "Maximov, Dmitry"]
[Black "Rogovski, Vladimir"]
[Result "1/2-1/2"]
[WhiteElo "2488"]
[BlackElo "2485"]
[PlyCount "85"]
[EventDate "2007.11.17"]

1. e4 c5 2. Nf3 e6 3. c3 Nf6 4. e5 Nd5 5. d4 cxd4 6. cxd4 b6 7. Bd3 Ba6 8. O-O
Bxd3 9. Qxd3 Be7 10. Nc3 Nxc3 11. bxc3 Nc6 12. d5 exd5 13. Qxd5 Qc7 14. Bf4 O-O
15. Nd4 Nxd4 16. cxd4 Qc6 17. Qb3 Qe4 18. Be3 d6 19. Rfe1 Qf5 20. a4 Rab8 21.
Qb5 dxe5 22. dxe5 Rfe8 23. Rad1 a5 24. Rd5 Bb4 25. Red1 h6 26. h3 Re6 27. R1d4
Rbe8 28. Rf4 Qh5 29. Rg4 Kh8 30. f4 Qf5 31. Bxb6 h5 32. Rg5 Qxf4 33. Rxh5+ Kg8
34. Bf2 Rc8 35. Rd1 Be7 36. Qb7 Re8 37. Rd4 Qc1+ 38. Kh2 g6 39. Rg4 Qc2 40. Qf3
Bf8 41. Rf5 Qc7 42. Bg3 Bg7 43. Rfg5 1/2-1/2

[Event "76 Ukrainian Chess Championship (Final)"]
[Site "Kharkiv"]
[Date "2007.11.22"]
[Round "6"]
[White "Kovchan, Alexander"]
[Black "Tukhaev, Adam"]
[Result "1/2-1/2"]
[WhiteElo "2507"]
[BlackElo "2517"]
[PlyCount "102"]
[EventDate "2007.11.17"]

1. e4 c5 2. Nf3 d6 3. d4 cxd4 4. Nxd4 Nf6 5. Nc3 a6 6. a4 g6 7. Nde2 Bg7 8. g3
O-O 9. Bg2 Nc6 10. O-O Bd7 11. h3 Rb8 12. Nd5 b5 13. axb5 axb5 14. Bg5 Ne8 15.
Qc1 Nc7 16. Rd1 b4 17. Bh6 Qc8 18. Bxg7 Kxg7 19. b3 Nb5 20. Qb2+ e5 21. Kh2 Be6
22. Ne3 f6 23. Rd3 Qc7 24. Rad1 Qb6 25. Qc1 Qc5 26. R1d2 Ra8 27. Qd1 Ra7 28. f4
Rfa8 29. Qf1 Ncd4 30. f5 Bg8 31. h4 Rf8 32. g4 Nxe2 33. Qxe2 Nd4 34. Qf2 g5 35.
hxg5 fxg5 36. Nf1 Rf6 37. Ng3 Bf7 38. Qe3 h6 39. Ne2 Nxe2 40. Qxe2 Ra1 41. Rd1
Ra2 42. R1d2 Ra1 43. Rd1 Ra8 44. R1d2 Qc7 45. Qd1 Ra6 46. Re3 Rc6 47. Bf1 Rc5
48. Rg3 Qc6 49. Bg2 Kf8 50. Rgd3 Ke7 51. Rh3 Kf8 1/2-1/2

[Event "76 Ukrainian Chess Championship (Final)"]
[Site "Kharkiv"]
[Date "2007.11.22"]
[Round "6"]
[White "Kryvoruchko, Yuriy"]
[Black "Kuzubov, Yuriy"]
[Result "1/2-1/2"]
[WhiteElo "2598"]
[BlackElo "2582"]
[PlyCount "97"]
[EventDate "2007.11.17"]

1. e4 c5 2. Nf3 Nc6 3. d4 cxd4 4. Nxd4 e5 5. Nb5 Nf6 6. N1c3 h6 7. Nd5 Nxd5 8.
exd5 a6 9. Nc3 Nd4 10. Ne4 d6 11. c3 Nf5 12. Bd3 Be7 13. O-O O-O 14. f4 exf4
15. Rxf4 Nh4 16. Rf2 Ng6 17. Bc2 Ne5 18. Bf4 Ng4 19. Re2 g5 20. Bg3 f5 21. Nd2
Ne5 22. Bxe5 dxe5 23. Rxe5 Bf6 24. Re1 Bd7 25. Nb3 Qb6+ 26. Kh1 Rae8 27. Qd2
Kg7 28. Nd4 Bxd4 29. cxd4 Qd6 30. Bb3 Kf6 31. Qc3 Rxe1+ 32. Rxe1 Re8 33. Rxe8
Bxe8 34. Qc8 Qe7 35. Qe6+ Qxe6 36. dxe6 a5 37. Kg1 Ke7 38. a3 Kd6 39. g3 b6 40.
Kf2 Bb5 41. Ke3 Bf1 42. d5 Bg2 43. Kd4 f4 44. gxf4 gxf4 45. Bc4 Bh1 46. Bb5 f3
47. Ke3 f2 48. Kxf2 Bxd5 49. Ke3 1/2-1/2

[Event "76 Ukrainian Chess Championship (Final)"]
[Site "Kharkiv"]
[Date "2007.11.22"]
[Round "6"]
[White "Kovalenko, Igor"]
[Black "Malaniuk, Vladimir P"]
[Result "1-0"]
[WhiteElo "2429"]
[BlackElo "2496"]
[PlyCount "105"]
[EventDate "2007.11.17"]

1. d4 f5 2. g3 Nf6 3. Bg2 g6 4. Nf3 Bg7 5. O-O O-O 6. b3 d6 7. Bb2 Qe8 8. c4
Na6 9. d5 c6 10. Nc3 Bd7 11. Nd4 Rc8 12. Rc1 Nc5 13. dxc6 bxc6 14. b4 Nce4 15.
b5 Nxc3 16. Bxc3 cxb5 17. cxb5 Ne4 18. Bb2 Qf7 19. Qa4 Bxb5 20. Nxb5 Bxb2 21.
Rxc8 Rxc8 22. Qxa7 Bf6 23. a4 Qd5 24. e3 Qa8 25. Qd7 Rd8 26. Qc7 Rc8 27. Qd7
Rd8 28. Bxe4 fxe4 29. Qe6+ Kh8 30. Qa2 Qa5 31. Rc1 Ra8 32. Kg2 Kg7 33. Qd5 Qxa4
34. Nxd6 Qa2 35. Ne8+ Kh6 36. Nxf6 exf6 37. Qxe4 Rf8 38. h4 Kg7 39. g4 Qa5 40.
Rc6 Rf7 41. Rd6 Qc5 42. Rd5 Qc3 43. Rd8 Rc7 44. Qe8 Qc6+ 45. Qxc6 Rxc6 46. Rd7+
Kg8 47. g5 f5 48. Kg3 Rc4 49. f3 Rc1 50. Kf4 Re1 51. Ra7 Re2 52. Re7 Re1 53. h5
1-0

[Event "76 Ukrainian Chess Championship (Final)"]
[Site "Kharkiv"]
[Date "2007.11.22"]
[Round "6"]
[White "Brodsky, Michail"]
[Black "Onischuk, Vladimir"]
[Result "1/2-1/2"]
[WhiteElo "2597"]
[BlackElo "2469"]
[PlyCount "234"]
[EventDate "2007.11.17"]

1. d4 Nf6 2. c4 g6 3. Nc3 Bg7 4. e4 d6 5. Be2 O-O 6. Nf3 c6 7. O-O Nbd7 8. Qc2
e5 9. Be3 b6 10. a3 Bb7 11. d5 cxd5 12. cxd5 a6 13. Rac1 Rc8 14. Nd2 b5 15. b4
h5 16. h3 Nb6 17. Qd1 Kh7 18. Bd3 Bh6 19. Bxh6 Kxh6 20. Nb3 h4 21. Na5 Ba8 22.
Qd2+ Kg7 23. Be2 Rxc3 24. Qxc3 Nxe4 25. Qe3 Ng5 26. Nc6 Nxd5 27. Nxd8 Nxe3 28.
fxe3 Rxd8 29. Rc7 d5 30. Ra7 d4 31. exd4 exd4 32. Bd3 Bd5 33. Rxa6 Bc4 34. Rd1
Ne6 35. Rc6 Bxd3 36. Rxd3 Nf4 37. Rd2 Ra8 38. Kf2 Rxa3 39. Rxd4 Ra2+ 40. Kf3 g5
41. Rd7 Rxg2 42. Rcc7 Rg3+ 43. Ke4 Kg6 44. Rxf7 Nh5 45. Rf8 Nf6+ 46. Kd4 Rxh3
47. Rc6 Rf3 48. Rb6 h3 49. Rg8+ Kh7 50. Ra8 g4 51. Rxb5 h2 52. Ra1 g3 53. Re5
g2 54. Ree1 Rf5 55. Rg1 hxg1=Q+ 56. Rxg1 Rf2 57. b5 Nh5 58. Ke3 Rb2 59. b6 Rb3+
60. Kd4 Nf4 61. Ke5 Ng6+ 62. Kd5 Nf4+ 63. Ke5 Ng6+ 64. Kd5 Rxb6 65. Rxg2 Kg7
66. Rf2 Rb4 67. Rf1 Nf4+ 68. Ke5 Nd3+ 69. Kf5 Kf7 70. Rf3 Rd4 71. Rf1 Ke7 72.
Rf3 Kd6 73. Rf1 Nb4 74. Ra1 Rd5+ 75. Kf4 Re5 76. Rd1+ Nd5+ 77. Kf3 Re3+ 78. Kf2
Ra3 79. Re1 Nf6 80. Re2 Ng4+ 81. Kg2 Kd5 82. Re8 Ne5 83. Rb8 Ke4 84. Rb4+ Kf5
85. Rb5 Re3 86. Ra5 Rc3 87. Ra8 Ng6 88. Ra5+ Kg4 89. Kf2 Nf4 90. Ra8 Rf3+ 91.
Ke1 Rd3 92. Kf2 Rf3+ 93. Ke1 Re3+ 94. Kd2 Rh3 95. Re8 Kf5 96. Kc2 Ne6 97. Re7
Ke5 98. Re8 Kd5 99. Kd2 Nc5 100. Rd8+ Kc4 101. Re8 Nb3+ 102. Ke2 Nd4+ 103. Kf2
Kd3 104. Kg2 Rf3 105. Re5 Rf8 106. Kg3 Nf5+ 107. Kg4 Nh6+ 108. Kh5 Nf7 109. Re7
Kd4 110. Kg6 Ne5+ 111. Kg7 Rf1 112. Ra7 Ke4 113. Ra2 Rf7+ 114. Kh6 Rf6+ 115.
Kh7 Kf5 116. Rf2+ Ke6 117. Rxf6+ Kxf6 1/2-1/2

[Event "76 Ukrainian Chess Championship (Final)"]
[Site "Kharkiv"]
[Date "2007.11.22"]
[Round "6"]
[White "Arzumanian, Georgy"]
[Black "Romanishin, Oleg M"]
[Result "0-1"]
[WhiteElo "2493"]
[BlackElo "2547"]
[PlyCount "112"]
[EventDate "2007.11.17"]

1. e4 e5 2. Nf3 Nc6 3. d4 exd4 4. Nxd4 Bc5 5. Nb3 Bb4+ 6. c3 Be7 7. Bf4 Bg5 8.
Bg3 d6 9. Bd3 h5 10. h3 h4 11. Bh2 Qf6 12. Nd4 Nge7 13. O-O Bf4 14. Bxf4 Qxf4
15. Ne2 Qh6 16. Qd2 Qxd2 17. Nxd2 Ne5 18. Bb5+ c6 19. Ba4 Be6 20. Bb3 g5 21.
Bxe6 fxe6 22. f4 gxf4 23. Nxf4 Kd7 24. Nf3 Nxf3+ 25. Rxf3 Raf8 26. Raf1 e5 27.
Ne2 Rxf3 28. gxf3 d5 29. Kf2 Rf8 30. Rd1 Ke6 31. Ke3 c5 32. f4 d4+ 33. Kf3 Nc6
34. f5+ Kf6 35. cxd4 cxd4 36. Kf2 Rg8 37. Nc1 Nd8 38. Rg1 Rxg1 39. Kxg1 Nf7 40.
Nd3 Nd6 41. Nf2 Kg5 42. Kg2 Kf4 43. f6 Nf7 44. Kf1 Ke3 45. Ke1 d3 46. Ng4+ Kxe4
47. Kd2 Kd4 48. Ne3 e4 49. Nf5+ Ke5 50. Nxh4 Kxf6 51. Ng2 Ke5 52. Ke3 Nd6 53.
b3 Nf5+ 54. Kf2 Kd4 55. h4 e3+ 56. Ke1 Kc3 0-1

[Event "76 Ukrainian Chess Championship (Final)"]
[Site "Kharkiv"]
[Date "2007.11.22"]
[Round "6"]
[White "Oleksienko, Mikhailo"]
[Black "Truskavetsky, Alexandr"]
[Result "1-0"]
[WhiteElo "2587"]
[BlackElo "2398"]
[PlyCount "83"]
[EventDate "2007.11.17"]

1. e4 c6 2. d4 d5 3. e5 Bf5 4. Be3 e6 5. Nd2 Nd7 6. f4 h5 7. Be2 h4 8. Ngf3 Ne7
9. O-O Bg4 10. h3 Nf5 11. Bf2 Bxf3 12. Nxf3 g6 13. Bd3 Be7 14. b3 Kf8 15. c4
Kg7 16. a3 a5 17. Qd2 a4 18. Rfb1 axb3 19. cxd5 cxd5 20. Rxb3 Nb6 21. Qe2 Ra4
22. Rab1 Nc4 23. Rxb7 Nxa3 24. Rc1 Nc4 25. Bxf5 gxf5 26. Qe1 Ra3 27. Rcb1 Ra2
28. Kh2 Ra8 29. Ra1 Na3 30. Qc3 Rh6 31. Qc7 Qxc7 32. Rxc7 Nb5 33. Rxa8 Nxc7 34.
Rc8 Nb5 35. Re8 Bf8 36. Bxh4 Rxh4 37. Nxh4 Nxd4 38. g4 fxg4 39. hxg4 Bb4 40.
Kg2 Bd2 41. Nf3 Nc2 42. Nxd2 1-0

[Event "76 Ukrainian Chess Championship (Final)"]
[Site "Kharkiv"]
[Date "2007.11.22"]
[Round "6"]
[White "Kononenko, Dmitry"]
[Black "Tarlev, Konstantin"]
[Result "1-0"]
[WhiteElo "2513"]
[BlackElo "2490"]
[PlyCount "111"]
[EventDate "2007.11.17"]

1. e4 Nc6 2. Nf3 e5 3. Bb5 a6 4. Ba4 Nf6 5. O-O Bd6 6. Re1 b5 7. Bb3 O-O 8. d4
Bb7 9. c4 Bb4 10. dxe5 Ng4 11. Bg5 Bxe1 12. Bxd8 Bxf2+ 13. Kh1 Raxd8 14. h3
Ngxe5 15. cxb5 axb5 16. Qe2 Bb6 17. Nxe5 Nxe5 18. Qxb5 Nc6 19. Qd3 Nd4 20. Bc4
Kh8 21. Nc3 f5 22. exf5 d5 23. Ba6 Bxa6 24. Qxa6 Nxf5 25. Qd3 c5 26. b3 Bc7 27.
Re1 d4 28. Nd1 Bg3 29. Rf1 Ne3 30. Rxf8+ Rxf8 31. Nxe3 dxe3 32. Kg1 Be5 33. Qe4
Bc3 34. Kh2 Bd2 35. a4 h6 36. h4 Rf2 37. Qe8+ Kh7 38. Qe4+ Kh8 39. Kg3 Be1 40.
a5 Rf6+ 41. Kh3 Bxa5 42. Qxe3 Bb4 43. g4 Kg8 44. Qe8+ Rf8 45. Qe6+ Kh7 46. Qe4+
Kh8 47. g5 Ba3 48. Kg4 Rg8 49. gxh6 gxh6+ 50. Kh5 Bb4 51. Qf4 Rg7 52. Qb8+ Kh7
53. Qd6 Kh8 54. Qf6 Kg8 55. Qd8+ Kh7 56. Qd3+ 1-0

[Event "76 Ukrainian Chess Championship (Final)"]
[Site "Kharkiv"]
[Date "2007.11.22"]
[Round "6"]
[White "Maximov, Dmitry"]
[Black "Zinchenko, Yaroslav"]
[Result "1/2-1/2"]
[WhiteElo "2488"]
[BlackElo "2505"]
[PlyCount "38"]
[EventDate "2007.11.17"]

1. e4 e5 2. Nf3 Nc6 3. Bb5 a6 4. Ba4 Nf6 5. O-O Be7 6. Re1 b5 7. Bb3 d6 8. c3
O-O 9. h3 Rb8 10. d4 exd4 11. cxd4 d5 12. exd5 Nxd5 13. Nc3 Nxc3 14. bxc3 Bf6
15. Bf4 Na5 16. Bc2 Rb6 17. Ne5 Be6 18. Qd3 g6 19. Qg3 Bh4 1/2-1/2